000 004150000a22001690004500
003 MACL
005 20151230122724.0
008 151230b xxu||||| |||| 00| 0 eng d
040 _aMACL
_cMACL
041 _aEnglish
082 _a307/SOM
100 _aSommer, Annie Van
_924718
245 _aDaylight in The Harem
260 _bAnderson & Ferrier
_c1911
650 _aSociology
_924719
942 _cBK
_k307/SOM
_2ddc
999 _c36506
_d36506